Alternative routes to a spacious investment (Record no. 117924)
[ view plain ]
| 000 -LEADER | |
|---|---|
| fixed length control field | 01439cam a2200277 4500 |
| 001 - CONTROL NUMBER | |
| control field | ABS68135 |
| 008 - FIXED-LENGTH DATA ELEMENTS--GENERAL INFORMATION | |
| fixed length control field | 040831n2004 000 0 eng u |
| 035 ## - SYSTEM CONTROL NUMBER | |
| System control number | (Sirsi) u127220 |
| 100 ## - MAIN ENTRY--PERSONAL NAME | |
| Personal name | Norwood, G. |
| 245 ## - TITLE STATEMENT | |
| Title | Alternative routes to a spacious investment |
| 260 ## - PUBLICATION, DISTRIBUTION, ETC. | |
| Date of publication, distribution, etc. | 2004 |
| 490 ## - SERIES STATEMENT | |
| Series statement | Estates Gazette |
| Volume/sequential designation | (0431) 31 July 2004, 78-80(3) |
| 520 ## - SUMMARY, ETC. | |
| Summary, etc. | Reports on innovative experiments by canny developers to overcome the current property glut in the buy-to-let residential rental sector. Looks at hotel room schemes such: as the former Westbourne Hotel, Notting Hill; serviced apartments such as those created in the old GLC County Hall; upmarket timeshare marketed by hotel chains such as De Vere, Marriott and Hilton; and developments such as Peter de Savory's Bovey Castle in Devon where the right to occupy the lodge properties is purchased by taking out membership to a private club. The above alternatives have at best uncertain capital returns and exist in untried rental markets. Student buy-to-let accommodation such as the Junxion scheme in Lincoln is a more sustainable sector, buoyed up by very high demand. |
| 590 ## - LOCAL NOTE (RLIN) | |
| Local note | ABS |
| 590 ## - LOCAL NOTE (RLIN) | |
| Local note | ABS |
| 650 ## - SUBJECT ADDED ENTRY--TOPICAL TERM | |
| Topical term or geographic name entry element | RENTED HOUSING MARKET |
| 650 ## - SUBJECT ADDED ENTRY--TOPICAL TERM | |
| Topical term or geographic name entry element | TIMESHARE |
| 650 ## - SUBJECT ADDED ENTRY--TOPICAL TERM | |
| Topical term or geographic name entry element | LONDON |
| 650 ## - SUBJECT ADDED ENTRY--TOPICAL TERM | |
| Topical term or geographic name entry element | HOTEL ROOMS |
| 650 ## - SUBJECT ADDED ENTRY--TOPICAL TERM | |
| Topical term or geographic name entry element | LINCOLN |
| 650 ## - SUBJECT ADDED ENTRY--TOPICAL TERM | |
| Topical term or geographic name entry element | CLUBS |
| 650 ## - SUBJECT ADDED ENTRY--TOPICAL TERM | |
| Topical term or geographic name entry element | STUDENT ACCOMMODATION |
| 650 ## - SUBJECT ADDED ENTRY--TOPICAL TERM | |
| Topical term or geographic name entry element | BUY-TO-LET |
| 690 ## - LOCAL SUBJECT ADDED ENTRY--TOPICAL TERM (OCLC, RLIN) | |
| Topical term or geographic name as entry element | HOUSING-INVESTMENT |
| 942 ## - ADDED ENTRY ELEMENTS (KOHA) | |
| Suppress in OPAC | 0 |
| Withdrawn status | Lost status | Source of classification or shelving scheme | Damaged status | Not for loan | Home library | Current library | Shelving location | Date acquired | Total Checkouts | Full call number | Barcode | Date last seen | Copy number | Price effective from | Koha item type |
|---|---|---|---|---|---|---|---|---|---|---|---|---|---|---|---|
| Dewey Decimal Classification | London | London | Journal article | 31/08/2004 | ABS68135 | 127220-1001 | 06/08/2019 | 1 | 06/08/2019 | Journal article |